[Event "XXXII Puchar Wojewody Dolnoslaskiego"]
[Site "Legnica"]
[Date "1899-12-30"]
[Round "6.5"]
[White "Janik, Igor"]
[Black "Kriebel, Tadeas"]
[Result "1/2-1/2"]
[WhiteTitle "FM"]
[BlackTitle "IM"]
[WhiteElo "2320"]
[BlackElo "2464"]

1. e4 e5 2. Nf3 Nc6 3. Bb5 a6 4. Ba4 Nf6 5. O-O Be7 6. Re1 b5 7. Bb3 d6 8. c3 O-O
9. h3 Na5 10. Bc2 c5 11. d4 exd4 12. cxd4 Re8 13. Nc3 Bb7 14. Bf4 Rc8 15. d5 Nc4
16. b3 Na3 17. Rc1 Nxc2 18. Rxc2 Bf8 19. Bg5 h6 20. Bxf6 Qxf6 21. a4 b4 22. Nb1
Qa1 23. Qd3 f5 24. Nbd2 Qf6 25. Rcc1 fxe4 26. Nxe4 Qf7 27. Rcd1 Rc7 28. Re2 Be7
29. Ng3 Rf8 30. Kh2 Bc8 31. Nd2 Bg5 32. Nc4 Bf4 33. Rde1 Qf5 34. Qf3 Bb7 35. Rd1
Rcf7 36. Kg1 Qg5 37. Ne4 Qd8 38. g3 Be5 39. Qg2 Bd4 40. Ncxd6 Rxf2 41. Nxf2 Qxd6
42. Rxd4 cxd4 43. Rd2 Qe5 44. Nd3 Qe3+ 45. Kh2 Rf3 46. d6 Rf6 47. Qe2 Rxd6 48.
Nxb4 Qxb3 49. Rb2 Qf7 50. Nd3 Qd5 51. Qf1 Rd7 52. Nf4 Qc6 53. Re2 Rf7 54. Qd1
g5 55. Re6 Qc4 56. Re8+ Rf8 57. Qb1 Rxe8 58. Qg6+ Kf8 59. Qf6+ Kg8 60. Qg6+ Kf8
1/2-1/2

[Event "XXXII Puchar Wojewody Dolnoslaskiego"]
[Site "Legnica"]
[Date "1899-12-30"]
[Round "7.1"]
[White "Kriebel, Tadeas"]
[Black "Czarnota, Pawel"]
[Result "0-1"]
[WhiteTitle "IM"]
[BlackTitle "GM"]
[WhiteElo "2464"]
[BlackElo "2554"]

1. e4 c5 2. Nf3 d6 3. d4 cxd4 4. Nxd4 Nf6 5. Nc3 Nc6 6. Bg5 e6 7. Qd2 a6 8. O-O-O
Bd7 9. f3 h6 10. Be3 b5 11. Kb1 Ne5 12. f4 b4 13. fxe5 bxc3 14. Qxc3 Rc8 15. Qd3
dxe5 16. Nf3 Qc7 17. Bd2 Bc5 18. Qxa6 O-O 19. Bd3 Ra8 20. Qc4 Ra4 21. Qc3 Qa7
22. b3 Rxa2 23. Qxe5 Ng4 24. Qxc5 Qxc5 25. Kxa2 Nf2 26. Kb2 Rc8 27. Rc1 Nxh1 28.
Rxh1 Bb5 29. c4 Rd8 30. Bc2 Bc6 31. Re1 Qf2 32. Bc3 Qxg2 33. Ne5 Be8 34. Re3 f6
35. Nd3 Qxh2 36. c5 Bb5 37. Nb4 Qf2 0-1

[Event "XXXII Puchar Wojewody Dolnoslaskiego"]
[Site "Legnica"]
[Date "1899-12-30"]
[Round "7.2"]
[White "Nosenko, Alexander"]
[Black "Janik, Igor"]
[Result "1-0"]
[WhiteTitle "GM"]
[BlackTitle "FM"]
[WhiteElo "2524"]
[BlackElo "2320"]

1. d4 d6 2. c4 e5 3. Nf3 e4 4. Ng5 f5 5. f3 Be7 6. Nh3 Nf6 7. Nc3 c6 8. Bg5 O-O
9. e3 exf3 10. gxf3 h6 11. Bxf6 Bxf6 12. Qd2 Bh4+ 13. Nf2 Na6 14. O-O-O Qa5 15.
Kb1 Be6 16. Nh3 Bf7 17. Nf4 Nc7 18. Rg1 b5 19. Ng6 Bxg6 20. Rxg6 b4 21. Ne2 Rf6
22. Rg1 Rf7 23. Nf4 Bg5 24. Nh5 f4 25. exf4 Be7 26. d5 cxd5 27. cxd5 Bf8 28. f5
Qc5 29. Rg4 Re8 30. Qxh6 Nxd5 31. Bc4 Qxc4 32. Rxc4 gxh6 33. Rxd5 Re1+ 34. Rc1
Re2 35. h4 Rf2 36. Rg1+ Kh8 37. f4 Rh2 38. f6 Rxh4 39. Kc2 Rh3 40. Rg2 a6 41.
Kd2 Kh7 42. Rf5 b3 43. axb3 Rxb3 44. Kc1 Rh3 45. Kb1 Rh1+ 46. Ka2 Rh3 47. Ra5
Kh8 48. Rd5 Kh7 49. b3 Kh8 50. Rg4 Kh7 51. Kb2 Kh8 52. Rf5 Kh7 53. Rd5 Kh8 54.
Kc2 Rc7+ 55. Kd2 Rxb3 56. f5 Rf7 57. Rg6 Kh7 58. Ke2 Ra3 59. Nf4 Ra2+ 60. Kf3
Ra1 61. Rd2 Rf1+ 62. Ke4 d5+ 63. Rxd5 Re1+ 64. Kf3 Rf1+ 65. Ke4 Re1+ 66. Kd4 Ba3
67. Nd3 Re8 68. Kc4 Rb7 69. Ne5 Rc8+ 70. Kd3 Bb2 71. Nc4 Rcc7 72. Nxb2 Rxb2 73.
Rd6 a5 74. f7 Rxf7 75. Rxh6+ Kg7 76. Rdg6+ Kf8 77. f6 Ke8 78. Rg8+ Kd7 79. Ra8
Rf2 80. Ra7+ Ke6 81. Ra6+ Kd7 82. Ke4 Kc8 83. Ke5 Kb7 84. Rxa5 Kb6 85. Ra4 Rf8
86. Rf4 Re2+ 87. Kf5 Kc5 88. Rh1 Rd2 89. Rff1 Re2 90. Rc1+ Kb6 91. Rhf1 Kb7 92.
Rce1 Rg2 93. Ke6 Kc7 94. Ke7 Rh8 95. f7 Rh7 96. Rf3 Kc6 97. Re6+ Kd5 98. Rf5+
Kd4 99. Kd6 Ra2 100. Rf4+ Kd3 101. f8=Q Ra6+ 102. Ke5 Rh5+ 103. Kf6 1-0

[Event "XXXII Puchar Wojewody Dolnoslaskiego"]
[Site "Legnica"]
[Date "1899-12-30"]
[Round "7.3"]
[White "Sieciechowicz, Marcin"]
[Black "Kanarek, Marcel"]
[Result "1/2-1/2"]
[WhiteTitle "IM"]
[BlackTitle "GM"]
[WhiteElo "2408"]
[BlackElo "2528"]

1. d4 Nf6 2. c4 g6 3. Nc3 Bg7 4. e4 d6 5. Nf3 O-O 6. Be2 e5 7. O-O exd4 8. Nxd4
Re8 9. f3 c6 10. Kh1 Nbd7 11. Nc2 Nb6 12. Bg5 h6 13. Bf4 Be6 14. Na3 d5 15. cxd5
cxd5 16. Nab5 Re7 17. Bd6 Rd7 18. e5 Ne8 19. f4 a6 20. Nd4 Nxd6 21. Nxe6 fxe6
22. exd6 Rxd6 23. Bd3 e5 24. fxe5 Bxe5 25. Qf3 Qf6 26. Qxf6 Bxf6 27. Bxg6 Bxc3
28. Bf7+ Kg7 29. bxc3 Rf8 30. Bh5 Rxf1+ 31. Rxf1 Na4 32. Rf7+ Kg8 33. Rc7 Rc6
34. Rxb7 Nxc3 35. Rd7 Ne4 36. g3 Nf6 37. Rd8+ Kg7 38. Bf3 Rc1+ 39. Kg2 Rc2+ 40.
Kg1 Rxa2 41. g4 Ra4 42. h3 a5 43. Kg2 Rb4 44. Ra8 Rb5 45. Ra7+ Kf8 46. Kg3 d4
47. Kf4 d3 1/2-1/2

[Event "XXXII Puchar Wojewody Dolnoslaskiego"]
[Site "Legnica"]
[Date "1899-12-30"]
[Round "7.5"]
[White "Sabuk, Piotr"]
[Black "Warakomski, Tomasz"]
[Result "0-1"]
[WhiteTitle "IM"]
[BlackTitle "IM"]
[WhiteElo "2365"]
[BlackElo "2497"]

1. d4 d6 2. e4 Nf6 3. Nc3 c6 4. Nf3 Bg4 5. Be3 e6 6. h3 Bh5 7. d5 cxd5 8. exd5
e5 9. Be2 Be7 10. O-O Nbd7 11. Nd2 Bg6 12. Nc4 O-O 13. Nb5 a6 14. Nbxd6 Qb8 15.
f4 Bxd6 16. f5 Bc5 17. Bxc5 Nxc5 18. fxg6 hxg6 19. d6 Qa7 20. Kh2 Rad8 21. Nxe5
Qb8 22. g3 Rxd6 23. Nd3 Re8 24. Bf3 Nxd3 25. cxd3 Re3 26. d4 Ne4 27. Bxe4 Rxd4
28. Qg4 Rdxe4 29. Rf4 Rxf4 30. gxf4 f5 31. Qh4 Re2+ 0-1

[Event "XXXII Puchar Wojewody Dolnoslaskiego"]
[Site "Legnica"]
[Date "1899-12-30"]
[Round "8.1"]
[White "Czarnota, Pawel"]
[Black "Warakomski, Tomasz"]
[Result "1/2-1/2"]
[WhiteTitle "GM"]
[BlackTitle "IM"]
[WhiteElo "2554"]
[BlackElo "2497"]

1. d4 d5 2. c4 c6 3. Nc3 Nf6 4. Nf3 e6 5. e3 Nbd7 6. Qc2 Bd6 7. b3 O-O 8. Be2 b6
9. Bb2 Bb7 10. O-O Qe7 11. Rad1 Rad8 12. Rfe1 Rfe8 13. e4 Nxe4 14. Nxe4 dxe4 15.
Qxe4 Bb4 16. Rf1 Bd6 17. Rfe1 Bb4 18. Rf1 Bd6 19. Rfe1 Bb4 1/2-1/2

[Event "XXXII Puchar Wojewody Dolnoslaskiego"]
[Site "Legnica"]
[Date "1899-12-30"]
[Round "8.4"]
[White "Janik, Igor"]
[Black "Sieciechowicz, Marcin"]
[Result "0-1"]
[WhiteTitle "FM"]
[BlackTitle "IM"]
[WhiteElo "2320"]
[BlackElo "2408"]

1. e4 e6 2. d4 d5 3. Nd2 c5 4. exd5 Qxd5 5. Ngf3 cxd4 6. Bc4 Qd6 7. O-O Nf6 8.
Nb3 Nc6 9. Nbxd4 Nxd4 10. Nxd4 Bd7 11. b3 Rd8 12. Bb2 Qf4 13. g3 Qh6 14. Re1 Bc5
15. Re5 Bxd4 16. Qxd4 Bc6 17. Qe3 Qxe3 18. Rxe3 O-O 19. Bd3 Rd7 20. Rae1 Ng4 21.
R3e2 Bf3 22. Rd2 Rfd8 23. h3 Nf6 24. Re3 Bh5 25. Bxf6 gxf6 26. f4 Bg6 27. Kf2
h5 28. Ke2 Bf5 29. g4 hxg4 30. Rg3 e5 31. hxg4 exf4 32. Rg1 Bg6 33. Rf1 Rd4 34.
Rfd1 Kg7 35. Bb5 Rxd2+ 36. Rxd2 Rxd2+ 37. Kxd2 Kh6 38. Bd7 Kg5 39. Bc8 Be4 40.
Ke2 Bxc2 41. Bxb7 Kxg4 42. Kf2 Kf5 43. Bd5 Ke5 44. Bxf7 Be4 45. Ke2 Kd4 46. Kd2
Bg2 47. Ke2 Kc3 48. Kf2 Be4 49. Ke2 Bb1 50. a4 a5 51. Kf3 Bc2 52. Kxf4 Bxb3 53.
Be8 Kb4 54. Kf5 Bxa4 55. Bf7 Bc2+ 56. Kxf6 a4 57. Ke5 Bb3 58. Bg6 a3 59. Bb1 Kc3
0-1

[Event "XXXII Puchar Wojewody Dolnoslaskiego"]
[Site "Legnica"]
[Date "1899-12-30"]
[Round "8.5"]
[White "Kriebel, Tadeas"]
[Black "Nosenko, Alexander"]
[Result "1-0"]
[WhiteTitle "IM"]
[BlackTitle "GM"]
[WhiteElo "2464"]
[BlackElo "2524"]

1. e4 e6 2. d4 d5 3. Nc3 Bb4 4. e5 b6 5. a3 Bf8 6. Nf3 Ne7 7. Bd3 Ba6 8. O-O Bxd3
9. cxd3 Qd7 10. b4 Ng6 11. h4 h5 12. Bg5 Be7 13. Bxe7 Nxe7 14. Rc1 Nf5 15. Ne2
a5 16. b5 Qxb5 17. Rxc7 O-O 18. Ng3 Na6 19. Nxf5 exf5 20. Ng5 g6 21. Re7 Rae8
22. Rxe8 Rxe8 23. Qc2 Qd7 24. Rc1 b5 25. e6 fxe6 26. Nf3 b4 27. Ne5 Qb7 28. Qd2
Kh7 29. Qg5 Qg7 30. axb4 axb4 31. Rc6 Nb8 32. Rc7 1-0

[Event "XXXII Puchar Wojewody Dolnoslaskiego"]
[Site "Legnica"]
[Date "1899-12-30"]
[Round "9.1"]
[White "Nosenko, Alexander"]
[Black "Czarnota, Pawel"]
[Result "1/2-1/2"]
[WhiteTitle "GM"]
[BlackTitle "GM"]
[WhiteElo "2524"]
[BlackElo "2554"]

1. e4 e6 2. d4 d5 3. exd5 exd5 4. Bd3 Bd6 5. Nf3 Nf6 6. O-O O-O 7. c3 c6 8. Bg5
Bg4 9. Nbd2 Nbd7 10. Qc2 Qc7 11. Rfe1 Rfe8 12. Bh4 Bh5 13. Bg3 Bg6 14. Kf1 Kf8
15. Kg1 Kg8 16. Kf1 Kf8 17. Kg1 Kg8 18. Kf1 1/2-1/2

[Event "XXXII Puchar Wojewody Dolnoslaskiego"]
[Site "Legnica"]
[Date "1899-12-30"]
[Round "9.2"]
[White "Sieciechowicz, Marcin"]
[Black "Kriebel, Tadeas"]
[Result "1/2-1/2"]
[WhiteTitle "IM"]
[BlackTitle "IM"]
[WhiteElo "2408"]
[BlackElo "2464"]

1. d4 Nf6 2. c4 g6 3. Nc3 d5 4. cxd5 Nxd5 5. e4 Nxc3 6. bxc3 Bg7 7. Nf3 c5 8. Rb1
O-O 9. Be2 cxd4 10. cxd4 Qa5+ 11. Bd2 Qxa2 12. O-O Bg4 13. Be3 Nc6 14. Ra1 Qb2
15. Rb1 Qa2 16. Ra1 Qb2 17. Rb1 Qa2 18. Ra1 Qb2 19. Rb1 Qa2 1/2-1/2

[Event "XXXII Puchar Wojewody Dolnoslaskiego"]
[Site "Legnica"]
[Date "1899-12-30"]
[Round "9.4"]
[White "Sabuk, Piotr"]
[Black "Kanarek, Marcel"]
[Result "1/2-1/2"]
[WhiteTitle "IM"]
[BlackTitle "GM"]
[WhiteElo "2365"]
[BlackElo "2528"]

1. d4 Nf6 2. Nf3 g6 3. c4 Bg7 4. Nc3 d6 5. e4 O-O 6. h3 e5 7. d5 a5 8. g4 Nfd7
9. Rg1 Nc5 10. h4 a4 11. h5 c6 12. Be3 Qa5 13. Nd2 a3 14. Qc1 axb2 15. Qxb2 Nbd7
16. Be2 Nb6 17. Nb3 Nxb3 18. Qxb3 Na4 19. Bd2 Nxc3 20. Bxc3 Qa4 21. Bd1 Qxb3 22.
axb3 Rxa1 23. Bxa1 Bd7 24. Bb2 Ra8 25. hxg6 fxg6 26. Kd2 h6 27. Kc2 cxd5 28. cxd5
Bb5 29. Rh1 Rc8+ 30. Bc3 Bf8 31. Kb2 Bd3 32. f3 Rc7 33. Bd2 Rh7 34. Be3 h5 35.
Kc3 Bb5 36. Kd2 Be7 37. gxh5 Rxh5 38. Rxh5 gxh5 39. f4 exf4 40. Bxf4 h4 41. Bg4
Bf1 42. Ke3 Kf8 43. e5 dxe5 44. Bxe5 Bc5+ 45. Kf4 Ke7 46. Bf3 Bd6 47. b4 h3 48.
Bxd6+ Kxd6 49. Kg3 Bg2 50. Be2 Kxd5 51. Kh2 Kd4 52. b5 b6 53. Kg3 Ke4 54. Bc4
Ke3 55. Be6 Bf1 56. Bd7 Kd4 57. Kh2 Kc5 58. Kg1 Bxb5 59. Bxh3 Kd4 60. Kf2 Kc3
61. Ke3 Bc6 62. Bf1 Ba4 63. Be2 Bc6 64. Bf1 Bd7 65. Be2 Ba4 66. Bf1 Bb3 67. Bb5
Kb4 68. Bd7 Ba4 69. Bg4 Kc3 70. Be2 Be8 71. Bf1 Bd7 72. Be2 Ba4 73. Bf1 Bb3 74.
Bb5 Kb4 75. Bd7 Ka3 76. Bb5 Ba4 77. Be2 Kb4 78. Kd2 Bb5 79. Bg4 Kb3 80. Kc1 Kc3
81. Bh3 Kb3 82. Be6+ Ka3 83. Bg4 Bc4 84. Bd7 Bb3 85. Bb5 Ba4 86. Bf1 Kb3 87. Be2
Kc3 88. Bf1 Bc2 89. Bb5 Bg6 90. Bd7 Kb3 91. Be6+ Ka3 92. Bd7 Bf7 93. Bc6 Bb3 94.
Bb5 Kb4 95. Kb2 Kxb5 96. Kxb3 1/2-1/2

[Event "XXXII Puchar Wojewody Dolnoslaskiego"]
[Site "Legnica"]
[Date "1899-12-30"]
[Round "9.5"]
[White "Warakomski, Tomasz"]
[Black "Simacek, Pavel"]
[Result "1/2-1/2"]
[WhiteTitle "IM"]
[BlackTitle "IM"]
[WhiteElo "2497"]
[BlackElo "2474"]

1. e4 e5 2. Nf3 Nc6 3. Bb5 a6 4. Ba4 Nf6 5. O-O Nxe4 6. d4 b5 7. Bb3 d5 8. dxe5
Be6 9. Nbd2 Bc5 10. Nxe4 dxe4 11. Bxe6 fxe6 12. Ng5 Qxd1 13. Rxd1 O-O 14. Nxe4
Bb6 15. Be3 Bxe3 16. fxe3 Nxe5 17. a4 Nc4 18. axb5 axb5 19. Rxa8 Rxa8 20. Kf2
Nxb2 21. Rd7 Rf8+ 22. Ke2 Rf7 23. Rd8+ Rf8 24. Rd7 Rf7 25. Rd8+ Rf8 26. Rd7 Rf7
1/2-1/2